000 01017nam a2200253 i 4500
001 178937
003 ES-MaACL
005 20251011063156.0
008 110810s1905 fr | |||| ||fre d
080 _a159.922.4
080 _a323.12
100 1 _aColajanni, Napoleone,
_d1847-1921
_939543
245 1 0 _aLatins et anglo-saxons
_b: races supérieures et races inférieures /
_cpar N. Colajanni ; traduction d'après la deuxième édition italienne et préface par Julien Dubois.
260 _aParis :
_bFélix Alcan :
_bAncienne Librairie Germer Baillière et Cª,
_c1905.
300 _aXX, 432 p. ;
_c22 cm.
490 1 _aBibliothèque scientifique internationale ;
_v104
650 4 _aPaíses de lenguas románicas-
_xCivilización.
_9161151
650 4 _aPaíses anglófonos-
_xCivilización.
_9161152
700 1 1 _aDubois, Julien.
_945769
830 0 _aBibliothèque scientifique internationale ;
_v104
_9186949
852 _aES-MaACL
_jF-14432
999 _c178937
_d178937